Statystyki dla Quiz o Kenii

Kliknij tutaj aby rozwiązać quiz!

Ogólne statystyki

  • Ten quiz został rozwiązany 745 razy
  • Średni wynik to 13 z 20

Statystyki odpowiedzi

WskazówkaOdpowiedź% Poprawnych
Stolica KeniiNairobi
93%
Języki oficjalneAngielski
90%
Państwa granicząceEtiopia
86%
Państwa granicząceSomalia
86%
Państwa granicząceTanzania
86%
Państwo europejskie, które kontrolowało terytorium
Kenii w latach 1895-1963
Wielka Brytania
86%
Państwa granicząceUganda
83%
Państwa granicząceSudan Południowy
78%
Największe jezioro, które jest przynajmniej częściowo
w Kenii
Jezioro Wiktorii
75%
Prezydent USA, którego ojciec urodził się w KeniiBarack Obama
72%
Kenia produkuje więcej tych liści niż jakikolwiek kraj z
wyjątkiem Chin i Indii
Herbata
63%
Języki oficjalneSuahili
58%
Olimpijskie wydarzenie, w którym Eliud Kipchoge
jest rekordzistą świata
Maraton
55%
Najbardziej zaludnione nadmorskie miastoMombasa
51%
Najwyższa góra
(2 najwyższa w Afryce)
Kenia
40%
Co zabiło 28–31 osób budujących linię kolejową
nad rzeką Tsavo w 1898 roku?
Lew
38%
Waluta KeniiSzyling
38%
Ludzie przyjeżdżają do Masaai Mara, aby zobaczyć
roczną migrację tych ssaków
Gnu
28%
Rów, który biegnie przez KenięWielkie Rowy Afrykańskie
27%
Bunt w latach 1952-1960 bunt przeciwko temu państwuPowstanie {Mau} {Mau}
21%

Rozkład punktacji

Percentyl według liczby udzielonych odpowiedzi

Procent ludzi z każdym wynikiem

Twoja historia wyników

Nie rozwiązałeś tego quizu